000 01094cab a2200241 4500
001 ABS56555
008 090401t1997 xxu||||| |||| 00| 0 eng d
035 _a(Sirsi) u24498
041 _aeng
100 _aBrewer, G.
245 _aWhen life is a beach
260 _c1997
350 _a0
490 _aContract Journal
_v387(6112) 12 February 1997, 24(1)
520 _aConsiders the implications of of "Havant BC v South Coast Shipping Company". At issue was whether a method statement which had not been made a contract document could be considered part of the `works` for the purpose of the contract. The judge held that a specified method of working fell within the definition of temporary works and that where such methods proved impossible, the contractor may be entitled to a claim for variation under clause 51.
650 _aENTITLEMENT TO VARIATION
650 _aHAVANT BC V SOUTH COAST SHIPPING COMPANY
650 _aICE CONDITIONS OF CONTRACT
650 _aMETHOD STATEMENT
690 _aBUILT ENVIRONMENT-BUILDING CONTRACT FORMS
942 _n0
948 _c04/03/1997
999 _c16428
_d16428